000 01252nam a2200277 4500
003 CO-CtgCURN
005 20250329165428.0
008 160531s2004 000 0 eng d
040 _aCO-CtgCURN
_bspa
_ccoctgcurn
082 0 _aENF 2004
_bV712
100 1 _aVilladiego Preelt , Bertha.
245 1 0 _aDiagnóstico situacional de la E.S.E. Hospital San Jeronimo servicio de urgencias /
_cBertha Elisa Villadiego Pretelt.
260 _aCartagena de Indias :
_bCorporación Universitaria Rafael Núñez,
_c2004.
300 _a34 h.
336 _2rdacontent
337 _2rdamedia
_asin mediacion
_bn
338 _2rdacarrier
_avolumen
_bnc
500 _aIncluye anexos.
502 _aTrabajo de grado (Enfermera (o)). Corporación Universitaria Rafael Nuñez. Facultad de Ciencias de la Salud. Programa de Enfermeria, 2004.
504 _aIncluye bibliografia.
590 _aEnfemeria
650 0 _aEnfermeria
_vTesis y disertaciones academicas.
856 7 _uhttps://unicurn.sharepoint.com/:b:/s/biblioteca/EbRvvaSfknlPkqQsW33z14IBCVxWY_VZRKWa6_RkNgR16A?e=yP4LDs
_zClick aqui para ver el recurso en texto completo
942 _hENF 2004
_iV712
_2ddc
_cTG
999 _c3673
_d3673